000
00398nam a2200145Ia 4500
008
100122s9999 xx 000 0 und d
082
_b
53448
_a
823
100
_a
शिरवळकर सुहास
245
_a
हमखास
260
_b
कल्पना बुक डिलर्स
_c
1996
300
_a
112
630
_a
हमखास
730
_a
हमखास
942
_c
BOOK
999
_c
430461
_d
430458